Statistics for 2020 EURO Qualifying - England Apperances

Click here to take the quiz!

General Stats

  • This quiz has been taken 24 times
  • The average score is 20 of 30

Answer Stats

PlayerAppsGoals% Correct
Harry Kane812
100%
Jordan Henderson6
96%
Raheem Sterling78
91%
Trent Alexander-Arnold3
91%
Harry Maguire8
87%
John Stones1
87%
Kieran Trippier3
87%
Kyle Walker2
87%
Marcus Rashford63
87%
Jordan Pickford7
83%
Dele Alli2
78%
Harry Winks31
78%
Jadon Sancho62
78%
Mason Mount61
74%
Tammy Abraham21
74%
Alex Oxlade-Chamberlain31
70%
Eric Dier1
70%
Ben Chilwell5
61%
Joe Gomez1
61%
Danny Rose3
57%
James Maddison1
52%
Nick Pope1
52%
Ross Barkley64
52%
Michael Keane51
43%
Declan Rice6
35%
Fikayo Tomori1
35%
Callum Wilson2
30%
Tyrone Mings2
30%
Callum Hudson-Odoi3
22%
James Ward-Prowse1
17%

Score Distribution

Percentile by Number Answered

Percent of People with Each Score

Your Score History

You have not taken this quiz